Human resource management. / (Record no. 1050)
[ view plain ]
| 000 -LEADER | |
|---|---|
| fixed length control field | 00735cam a22002292 4500 |
| 001 - CONTROL NUMBER | |
| control field | 0000019355 |
| 005 - DATE AND TIME OF LATEST TRANSACTION | |
| control field | 20151021151132.0 |
| 008 - FIXED-LENGTH DATA ELEMENTS--GENERAL INFORMATION | |
| fixed length control field | 101111s xx 000 0 eng d |
| 020 ## - INTERNATIONAL STANDARD BOOK NUMBER | |
| International Standard Book Number | 0470505854 : |
| 040 ## - CATALOGING SOURCE | |
| Original cataloging agency | KABU |
| Transcribing agency | KABU |
| 100 1# - MAIN ENTRY--PERSONAL NAME | |
| Personal name | DeCenzo, David A. |
| -- | 0000150760 |
| 245 10 - TITLE STATEMENT | |
| Title | Human resource management. / |
| Statement of responsibility, etc. | David A. DeCenzo, Stephen P. Robbins, Susan L. Verhulst. |
| 250 ## - EDITION STATEMENT | |
| Edition statement | 10th ed. |
| 260 ## - PUBLICATION, DISTRIBUTION, ETC. (IMPRINT) | |
| Place of publication, distribution, etc. | Hoboken, NJ. : |
| Name of publisher, distributor, etc. | J. Wiley, |
| Date of publication, distribution, etc. | 2010. |
| 300 ## - PHYSICAL DESCRIPTION | |
| Extent | xxii, 410 p. |
| 650 #0 - SUBJECT ADDED ENTRY--TOPICAL TERM | |
| Topical term or geographic name as entry element | Personnel management. |
| -- | 0000150761 |
| 700 1# - ADDED ENTRY--PERSONAL NAME | |
| Personal name | Robbins, Stephen P. |
| -- | 0000150759 |
| 700 1# - ADDED ENTRY--PERSONAL NAME | |
| Personal name | Verhulst, Susan L. |
| -- | 0000179071 |
| 852 1# - LOCATION | |
| -- | p5640 KES |
| 908 ## - PUT COMMAND PARAMETER (RLIN) | |
| Put command parameter | 101111 |
| 950 ## - LOCAL HOLDINGS (RLIN) | |
| -- | 1 |
| Withdrawn status | Lost status | Source of classification or shelving scheme | Not for loan | Home library | Current library | Date acquired | Total Checkouts | Total Renewals | Full call number | Barcode | Date last seen | Date last checked out | Price effective from | Koha item type |
|---|---|---|---|---|---|---|---|---|---|---|---|---|---|---|
| Library of Congress Classification | Kabarak, Main Campus | Kabarak, Main Campus | 17/12/2015 | 7 | 2 | HF5549 .D43 2010 c. 1 | 23448 | 02/08/2024 | 18/10/2022 | 17/12/2015 | General Collection | |||
| Library of Congress Classification | Kabarak, Nakuru City Campus | Kabarak, Nakuru City Campus | 21/10/2015 | 4 | 2 | HF5549 .D43 2010 c. 1 | 23358 | 11/12/2018 | 09/11/2018 | 21/10/2015 | General Collection |